000 00742 a2200217 4500
003 Nust
005 20230126105450.0
010 _a 89080953
020 _a039543355X
040 _cNust
082 0 0 _a421,PAU
100 1 _aPauley, Steven E.
_9107736
245 1 0 _aTechnical report writing today /
_cSteven E. Pauley, Daniel G. Riordan.
250 _a4th ed.
260 _aBoston :
_bHoughton Mifflin Co.,
_cc1990.
300 _axx, 481 p. :
_bill. ;
_c24 cm.
505 _aTechnical Writing Basics (Page-3), Technical Writing Techniques (Page-81), Technical Writing Applications (Page-223), Professional Communication (Page-369).
650 0 _aTechnical writing.
700 1 _aRiordan, Daniel G.
_9107737
942 _2ddc
_cBK
_k421,PAU
999 _c185322
_d185322